000 00824nam a2200241 a 4500
001 BRCA_7845
005 20190320210024.0
008 071113s1965----gw-a######---#000-0#ger-#
041 _ager
044 _agw
050 4 _aNK4670
_b.F55 1965
245 1 0 _aFliesen
_bSammlung Johann Keller, Munchen. Altonaer Museum in Hamburg, Juni-Aug. 1965
_ctextillustrationen Johannes Uhlenhaut.
260 _aHamburgo, Alemania
_bDingwort
_c1965
300 _a1 v. (sin paginación)
_bil., 38 láminas
_c22 cm.
500 _aY68
650 1 4 _aAzulejos holandeses
_919418
650 1 4 _aCerámica holandesa
_919419
650 1 4 _aGalerías y museos
_zAlemania
_95059
650 1 4 _aAzulejos
_vExposiciones
_919420
710 2 _aAltonaer Museum fur Landschaft (Hamburgo) Volkstum und Seefischerei
_919421
902 _aGFM
942 _2lcc
_cB
999 _c7519
_d7519